3:ans Hållplatser - Statistics

General Stats
  • This quiz has been taken 21 times
  • The average score is 18 of 28
Answer Stats
Order Answer % Correct
16 Järntorget
100%
24 Mariaplan
100%
28 Marklandsgatan
100%
10 Centralstationen
86%
20 Chapmans torg
86%
17 Masthuggstorget
86%
18 Stigbergstorget
86%
13 Valand
86%
14 Vasaplatsen
86%
11 Brunnsparken
71%
19 Kaptensgatan
71%
12 Kungsportsplatsen
71%
9 Ullevi norra
71%
22 Vagnhallen majorna
71%
21 Jaegerdorffsplatsen
57%
6 Redbergsplatsen
57%
8 Svingeln
57%
15 Vasa Victoria gatan
57%
1 Virginsgatan
57%
25 Godhemsgatan
43%
27 Högsbogatan
43%
7 Olskroken
43%
2 Sanatoriegatan
43%
3 Solrosgatan
43%
5 Stockholmsgatan
43%
4 Härlanda
29%
26 Klintens väg
29%
23 Ostindiegatan
14%
No matching quizzes found
Score Distribution
Percent of People with Each Score
Percentile by Number Answered
Your Score History
You have not taken this quiz